47 - Né(es) un 16 février - Statistiques

Statistiques générales
  • Ce quiz a été pris 14 fois
  • Le résultat moyen est 3 sur 10
Statistiques - réponses
Hint Année de naissance Réponse % Correct
Joueur de tennis américain connu pour son "You cannot be serious!". Remporta notamment cinq "Coupes Davis". 1959 John McEnroe
77%
Chanteur canadien dont le single "Blinding Lights" devient, en 2023, le plus écouté de tous les temps sur Spotify. 1990 The Weeknd|Abel Makkonen Tesfaye
62%
Actrice française. Vue dans "Tout ce qui brille", "Les Infidèles", "Sur la piste du Marsupilami", "Nous York" et "Coursier". 1980 Géraldine Nakache
54%
Animateur et parolier français qui fait partie des pionniers de la télévision française. Animateur de l'émission "36 chandelles". En 2004, un prix littéraire portant son nom est crée. 1900 Jean Nohain
31%
Rappeur et acteur américain. Vu dans "New York, police judiciaire". "Rhyme Pays" et "Original Gangster" font partie de ses albums studio. 1958 Tracy Lauren Marrow|Ice-T
23%
Petite-fille d'un écrivain américain. Actrice et mannequin qui se donna la mort le 1er juillet 1996. Elle travailla pour Fabergé. Posa pour Playboy en 1990. 1954 Margaux Hemingway
15%
Auteur français du "Jardin des supplices" (1899), du "Journal d'une femme de chambre" (1900), et de "Les affaires sont les affaires" (1903). 1848 Octave Mirbeau
8%
Proto-généticien britannique, considéré comme le fondateur de l'eugénisme. 1822 Francis Galton
0%
Astronome qui décida Copernic à publier "De revolutionibus orbium coelestius" ouvrage qui présente en détail la théorie héliocentrique. 1514 Georg Joachim Rheticus|Georg Joachim de Porris|Rheticus
0%
Réformateur protestant allemand, connu pour avoir rédigé, en 1530, la Confession d'Augsbourg et crée le terme "psychologie". 1497 Philippe Mélanchthon
0%
Aucun quiz correspondant
Distribution des résultats
% des personnes avec chaque résultat
Percentile par nombre de réponses
Votre historique - résultats
Vous n’avez pas pris ce quiz